书目信息 |
| 题名: |
佃农理论
|
|
| 作者: | 张五常 著 ;姜建强 译 | |
| 分册: | ||
| 出版信息: | 北京 中信出版集团股份有限公司 2017 |
|
| 页数: | 11,218页 | |
| 开本: | 21cm | |
| 丛书名: | ||
| 单 册: | ||
| 中图分类: | D01 | |
| 科图分类: | ||
| 主题词: | 佃农--理论研究 | |
| 电子资源: | ||
| ISBN: | 978-7-5086-6706-5 | |
| 000 | 00967nam0 2200289 450 | |
| 001 | 009470192 | |
| 005 | 20180217001608.0 | |
| 010 | @a978-7-5086-6706-5@b精装@dCNY36.00 | |
| 100 | @a20180217d2017 em y0chiy50 ea | |
| 101 | 1 | @achi@ceng |
| 102 | @aCN@b110000 | |
| 105 | @ay z 000yy | |
| 106 | @ar | |
| 200 | 1 | @a佃农理论@9dian nong li lun@dThe theory of share tenancy@f张五常著@g姜建强译@zeng |
| 205 | @a2版 | |
| 210 | @a北京@c中信出版集团股份有限公司@d2017 | |
| 215 | @a11,218页@c@d21cm | |
| 300 | @a张五常经典作品系列 | |
| 330 | @a本书包括“佃农理论”“分成租佃的传统观点和对不同假说的检验”“交易费用、风险规避与合约安排的选择”“分成地租管制中投入调整的证据”等内容。 | |
| 510 | 1 | @aTheory of share tenancy@zeng |
| 606 | 0 | @a佃农@x理论研究 |
| 690 | @aD01@v5 | |
| 701 | 0 | @a张五常@9zhang wu chang@f(1935~)@4著 |
| 702 | 0 | @a姜建强@9jiang jian qiang@4译 |
| 801 | 0 | @aCN@bMUSE@c20181206@g |
| 905 | @aBZT@dD01@e1=2 | |
| 906 | @dCNY36.00@n3@r1 | |
| 佃农理论=The theory of share tenancy/张五常著/姜建强译.-2版.-北京:中信出版集团股份有限公司,2017 |
| 11,218页;21cm |
| 张五常经典作品系列 |
| ISBN 978-7-5086-6706-5(精装):CNY36.00 |
| 本书包括“佃农理论”“分成租佃的传统观点和对不同假说的检验”“交易费用、风险规避与合约安排的选择”“分成地租管制中投入调整的证据”等内容。 |
| ● |
| 相关链接 |
|
|
|
正题名:佃农理论
索取号:D01/1=2
 
预约/预借
| 序号 | 登录号 | 条形码 | 馆藏地/架位号 | 状态 | 备注 |
| 1 | 856322 | 2000856322 | 第二书库/ [索取号:D01/1=2] | 在馆 | |
| 2 | 856323 | 2000856323 | 第二书库/ [索取号:D01/1=2] | 在馆 | |
| 3 | 856324 | 2000856324 | 思政阅览室/思1架B面1层8列/ [索取号:D01/1=2] | 在馆 |